| 000 | 00482cam a2200193ua 4500 | ||
|---|---|---|---|
| 001 | 2876 | ||
| 005 | 20260515113609.0 | ||
| 008 | 110913n ii |||gr||||Z||||||asm | ||
| 040 | _cMAIN | ||
| 082 | _a920 | ||
| 100 | 1 |
_aGohain, Hiren, _eAuthor. |
|
| 245 | 1 | 1 |
_aBhaabikaalar khanikar _cby Hiren Gohain |
| 250 | _a1st. | ||
| 260 |
_aGuahati: _bJyoti prakashan, _c2003. |
||
| 300 |
_a122p: _c23cm. |
||
| 653 | _aBiography | ||
| 653 | _aBiography of Jyotiprasad Agarwalla | ||
| 942 | _cBK | ||
| 999 |
_c2723 _d2723 |
||